000 00476nam a22001937a 4500
003 MPLRDC
005 20220104161407.0
008 210129b ||||| |||| 00| 0 eng d
020 _a7-80731-085-5
082 _a857.9 JYZP v.14
100 _a金庸
245 _a飞狐外传. 上
_c
250 _a二版
260 _a中国
_b广州出版社
_c2006
300 _b
490 _a口袋本金庸作品集. 14
650 _a武侠小说
942 _cBK
_o857.9 JYZP v.14
999 _c55456
_d55446